Tablicy sferičeskich funkcij Besseľa Yo(z) i Y1(z) v kompleksnoj oblasti

Enregistré dans:
Détails bibliographiques
Format: Livre
Langue:russe
Publié: Moskva : Vyčisliteľnyj centr AN SSSR, 1963
Sujets:
Tags: Ajouter un tag
Pas de tags, Soyez le premier à ajouter un tag!

MARC

LEADER 00000nam a22000003a 4500
001 stu88058
005 20141121204247.6
008 040616s1963----xxr-----------------rus-d
040 |a STU  |b slo 
041 0 |a rus 
044 |a xxr 
080 |a 517.584 
245 |a Tablicy sferičeskich funkcij Besseľa Yo(z) i Y1(z) v kompleksnoj oblasti 
260 |a Moskva :  |b Vyčisliteľnyj centr AN SSSR,  |c 1963 
300 |a 427 s 
650 7 |a Besselove funkcie  |2 stusub 
996 |b 284J021812  |c J*27741  |l JJK16  |s P  |a 0  |w stu88058_0001